00876nam a2200253 a 450000100060000000300080000600500170001400800410003102000150007203500190008704000320010604100080013808200240014610000270017024501250019726000290032230000350035149000600038650400410044665000190048765000380050670000180054483000600056251916BD-RJUL20211209075729.0160904s1977 enka b 001 0 eng d a0471446300 a(BD-RJUL)52036 aDLCcDLCdEQOdBD-RJULbeng aeng a519.2223bJOU 197710aJohnson, Norman Lloyd.10aUrn models and their application :ban approach to modern discrete probability theory /cNorman L. Johnson, Samuel Kotz. aLondon :bWiley,cc1977. axiii, 402 p. :bill. ;c24 cm.1 aWiley series in probability and mathematical statistics aIncludes bibliographies and indexes. 0aProbabilities. 0aDistribution (Probability theory)1 aKotz, Samuel. 0aWiley series in probability and mathematical statistics